| 000 | 00831cam a2200277 4500 | ||
|---|---|---|---|
| 001 | a4662922 | ||
| 003 | SpMaBN | ||
| 005 | 20210901085335.0 | ||
| 008 | 100118s2009 sp | |||| 001 0 spa | ||
| 015 | _aMON1001 | ||
| 017 |
_aSE 4823-2009 _bOficina Depósito Legal Sevilla |
||
| 020 | _a9788488909374 | ||
| 035 | _a(OCoLC)733843940 | ||
| 040 |
_aSpMaBN _cIUNIR |
||
| 080 | _a159.942 | ||
| 100 | 1 |
_aMarrone, Mario _0XX1580962 |
|
| 245 | 1 | 3 |
_aLa teoría del apego _h[Texto impreso] : _bun enfoque actual _cMario Marrone ; con la contribución de Nicola Diamond y Luis Juri ; prólogo de Hugo Bleichmar |
| 250 | _a2ª ed. | ||
| 260 |
_aMadrid _bPsimática _c2009 |
||
| 300 |
_a477 p. _c24 cm |
||
| 650 | 7 |
_aApego (Psicología) _2embne |
|
| 700 | 1 | _aDiamond, Nicola | |
| 700 | 1 | _aJuri, Luis | |
| 942 |
_2cdu _cBK |
||
| 956 | _a2 | ||
| 999 |
_c5281 _d5281 |
||